000 00338cam a22001097a 4500
008 180718b1982 xxu||||| |||| 00| 0 eng d
082 _aT1906sx54 In2e
245 _aIndian economy at a glance
_cby Indian Investment Centre
260 _aNew Delhi
_bIndian Investment Centre
_c1982
300 _a26p
700 _aIndia. Indian Investment Centre
999 _c497396
_d497396